<?xml version="1.0" encoding="UTF-8"?>
<record
    xmlns:xsi="http://www.w3.org/2001/XMLSchema-instance"
    xsi:schemaLocation="http://www.loc.gov/MARC21/slim http://www.loc.gov/standards/marcxml/schema/MARC21slim.xsd"
    xmlns="http://www.loc.gov/MARC21/slim">

  <leader>01170nam a22001577a 4500</leader>
  <controlfield tag="003">OSt</controlfield>
  <controlfield tag="008">200707b           ||||| |||| 00| 0 eng d</controlfield>
  <datafield tag="020" ind1=" " ind2=" ">
    <subfield code="a">9788123902739</subfield>
  </datafield>
  <datafield tag="100" ind1=" " ind2=" ">
    <subfield code="a">Gupta, Ashok K.</subfield>
  </datafield>
  <datafield tag="245" ind1=" " ind2=" ">
    <subfield code="a">Introduction to Pharmaceutics-1</subfield>
  </datafield>
  <datafield tag="250" ind1=" " ind2=" ">
    <subfield code="a">3rd</subfield>
    <subfield code="b">2019</subfield>
  </datafield>
  <datafield tag="260" ind1=" " ind2=" ">
    <subfield code="a">New Delhi</subfield>
    <subfield code="b">Birla Publications Pvt. Ltd.</subfield>
  </datafield>
  <datafield tag="500" ind1=" " ind2=" ">
    <subfield code="a">he book is written in a very simple language giving suitable illustrations wherever required to make the students understand the topics in a better manner. Since the Pharmacy Council of India according to Education Regulation 1991 has recast the syllabus for Diploma in Pharmacy in which a large number of new topics like introduction to different dosage forms, drug delivery systems, Ayurvedic dosage forms, introduction to pharmacopoeias micro-encapsulation etc has been incorporated, so it was necessary to bring this book upto the latest requirements of the teachers and students. Every effort has been made to present the material in a very precise manner covering all the topics prescribed by Pharmacy Council of India Education Regulation 1991.</subfield>
  </datafield>
  <datafield tag="650" ind1=" " ind2=" ">
    <subfield code="a">Pharmaceutics (Dispensing and General Pharmacy)</subfield>
  </datafield>
  <datafield tag="942" ind1=" " ind2=" ">
    <subfield code="2">ddc</subfield>
    <subfield code="c">BK</subfield>
  </datafield>
  <datafield tag="999" ind1=" " ind2=" ">
    <subfield code="c">8719</subfield>
    <subfield code="d">8719</subfield>
  </datafield>
  <datafield tag="952" ind1=" " ind2=" ">
    <subfield code="0">0</subfield>
    <subfield code="1">0</subfield>
    <subfield code="2">ddc</subfield>
    <subfield code="4">0</subfield>
    <subfield code="7">0</subfield>
    <subfield code="8">BP</subfield>
    <subfield code="a">PIET</subfield>
    <subfield code="b">PIET</subfield>
    <subfield code="d">2020-02-01</subfield>
    <subfield code="e">Kirti Prakashan</subfield>
    <subfield code="f">IN Rupees</subfield>
    <subfield code="g">295.00</subfield>
    <subfield code="k">IN6239</subfield>
    <subfield code="l">2</subfield>
    <subfield code="o">615.4 GUI</subfield>
    <subfield code="p">BP752</subfield>
    <subfield code="r">2023-03-09 00:00:00</subfield>
    <subfield code="s">2023-03-01</subfield>
    <subfield code="v">190.28</subfield>
    <subfield code="w">2020-02-01</subfield>
    <subfield code="y">BK</subfield>
  </datafield>
  <datafield tag="952" ind1=" " ind2=" ">
    <subfield code="0">0</subfield>
    <subfield code="1">0</subfield>
    <subfield code="2">ddc</subfield>
    <subfield code="4">0</subfield>
    <subfield code="7">0</subfield>
    <subfield code="8">BP</subfield>
    <subfield code="a">PIET</subfield>
    <subfield code="b">PIET</subfield>
    <subfield code="d">2020-02-01</subfield>
    <subfield code="e">Kirti Prakashan</subfield>
    <subfield code="f">IN Rupees</subfield>
    <subfield code="g">295.00</subfield>
    <subfield code="k">IN6239</subfield>
    <subfield code="l">1</subfield>
    <subfield code="o">615.4 GUI</subfield>
    <subfield code="p">BP753</subfield>
    <subfield code="r">2021-08-13 00:00:00</subfield>
    <subfield code="s">2021-08-06</subfield>
    <subfield code="v">190.28</subfield>
    <subfield code="w">2020-02-01</subfield>
    <subfield code="y">REF</subfield>
  </datafield>
</record>
